[Event "VIE-ch U11"]
[Site "Ho Chi Minh City"]
[Date "2014.07.13"]
[Round "2"]
[White "Le, Loi"]
[Black "Nguyen, Dinh Thanh"]
[Result "0-1"]
[WhiteElo "1956"]
[BlackElo "1928"]
[PlyCount "128"]
[EventDate "2014.07.13"]
[EventType "swiss"]
[EventRounds "9"]
[EventCountry "VIE"]
[SourceTitle "EXT 2016"]
[Source "ChessBase"]
[SourceDate "2015.10.08"]
[SourceVersion "1"]
[SourceVersionDate "2015.10.08"]
[SourceQuality "1"]

1. e4 e5 2. Nf3 Nc6 3. Bb5 a6 4. Bxc6 bxc6 5. Nxe5 Qg5 6. Ng4 d5 7. h3 dxe4 8. d3 Qg6 9. Qe2 f5 10. Ne3 Be7 11. 0-0 Nf6 12. Nc4 Bd6 13. Nc3 0-0 14. Kh1 Nh5 15. dxe4 fxe4 16. Qxe4 Bf5 17. Qxc6 Bxc2 18. Qd5+ Kh8 19. Be3 Nf4 20. Bxf4 Bxf4 21. Ne2 Bh6 22. Ne5 Qf5 23. Ng3 Qf6 24. Nd7 Qd8 25. Qc6 Bd3 26. Nxf8 Bxf1 27. Rxf1 Qxf8 28. Qxc7 Re8 29. Qb7 Rb8 30. Qxa6 Rxb2 31. a4 g6 32. Qc4 Bg7 33. a5 Rxf2 34. Kg1 Rxf1+ 35. Nxf1 Qd8 36. Qb4 Bd4+ 37. Kh1 Qf6 38. Qb8+ Kg7 39. Qb7+ Kh6 40. Qf3 Qxf3 41. gxf3 Kg5 42. Kg2 Kf6 43. Nd2 Ke5 44. Nb3 Ba7 45. Kg3 h5 46. a6 g5 47. Na5 Kd6 48. Nb7+ Kc7 49. Na5 Kb6 50. Nc4+ Kxa6 51. Nd2 Bb8+ 52. Kg2 Bf4 53. Ne4 h4 54. Kf2 Kb5 55. Ke2 Kc4 56. Nd2+ Kd4 57. Ne4 Kc4 58. Nf6 Be5 59. Nh5 Bf4 60. Nxf4 gxf4 61. Kd2 Kd4 62. Ke2 Kc3 63. Ke1 Kd3 64. Kf2 Kd2 0-1